[Event "45th Olympiad Budapest 2024"]
[Site "Budapest"]
[Date "2024.09.19"]
[Round "8"]
[Board "2"]
[White "Lynch, Kemp"]
[Black "Kyaw, Zay Ya"]
[Result "0-1"]
[WhiteElo "1944"]
[BlackElo "1818"]
[PlyCount "56"]
[EventDate "2024.09.11"]
[EventType "team-tourn"]
[EventRounds "11"]
[EventCountry "HUN"]
[WhiteTeam "Barbados"]
[BlackTeam "Myanmar"]
[WhiteTeamCountry "BAR"]
[BlackTeamCountry "MYA"]

1. d4 d5 2. c4 c6 3. Nf3 Nf6 4. g3 Bf5 5. Nc3 e6 6. Bg2 Nbd7 7. O-O Bd6 8. Nd2 O-O 9. e4 dxe4 10. Ndxe4 Nxe4 11. Nxe4 Be7 12. Be3 Nf6 13. Nc3 Qd7 14. h3 Rad8 $146 ({RR} 14... Bb4 15. Rc1 h6 16. Qb3 Bxc3 17. Qxc3 Be4 18. f3 Bg6 19. Bf2 Qc7 20. Rfe1 Rfd8 21. Re5 Re8 22. Rce1 Red8 23. Qa3 Nd7 24. R5e2 Nf6 25. Re5 Nd7 26. R5e2 Nb6 27. Qb3 Rac8 28. a4 Nd7 29. Qc3 {½-½ Hacche,D (2102)-Goldenberg,I (2386) Victoria-ch Melbourne 2010 (8)}) ({RR} 14... Rfd8 15. g4 Bg6 16. Qe2 h5 17. Rad1 hxg4 18. hxg4 Qc7 19. d5 exd5 20. cxd5 cxd5 21. g5 Bh5 22. Bf3 Bxf3 23. Qxf3 Ne4 24. Nxd5 Qe5 25. Bf4 Qe6 26. Rde1 Qxd5 27. Rxe4 Bxg5 28. Re8+ Rxe8 29. Qxd5 {1-0 Nogerbek,K (2387)-Ammar,S (2053) Wch U16 Mumbai 2019 (3)}) 15. Rc1 b5 16. cxb5 cxb5 17. a3 a5 18. Ne2 Nd5 19. Nf4 Nxf4 20. Bc6 Nxh3+ 21. Kg2 Qd6 22. g4 Nf4+ 23. Kf3 Nd3 24. gxf5 Nxc1 25. Be4 exf5 26. Bxf5 Qf6 27. Qc2 Rd5 28. Kg4 h5+ 0-1

[Event "45th Olympiad Budapest 2024"]
[Site "Budapest"]
[Date "2024.09.19"]
[Round "8"]
[Board "3"]
[White "Zaw, Ye Htut"]
[Black "Corbin, Philip"]
[Result "1-0"]
[WhiteElo "1815"]
[BlackElo "1916"]
[PlyCount "51"]
[EventDate "2024.09.11"]
[EventType "team-tourn"]
[EventRounds "11"]
[EventCountry "HUN"]
[WhiteTeam "Myanmar"]
[BlackTeam "Barbados"]
[WhiteTeamCountry "MYA"]
[BlackTeamCountry "BAR"]

1. e4 c5 2. Nf3 e6 3. d4 cxd4 4. Nxd4 Nf6 5. Nc3 d6 6. Bg5 Be7 7. Qd2 a6 8. O-O-O b5 9. a3 Bb7 10. Nb3 $146 ({RR} 10. Bd3 Nc6 11. Nxc6 Bxc6 12. Rhe1 O-O 13. f4 Rb8 14. e5 dxe5 15. fxe5 Nd5 16. Bxe7 Qxe7 17. Nxd5 Bxd5 18. Re3 Rfd8 19. Rg3 {½-½ Bagirov,V-Petrosian,T URS-ch27 Final 1960 (18)}) ({RR} 10. f3 Nbd7 11. h4 Rc8 12. g4 Ne5 13. Rh3 h6 14. Be3 Nfd7 15. Qh2 Nb6 16. Nde2 Nbc4 17. Bd4 Qa5 18. Na2 O-O 19. Bc3 Qc7 20. g5 h5 21. Qg1 a5 22. f4 Ng4 23. Bg2 b4 24. axb4 axb4 {0-1 Durarbayli,V (2626)-Robson,R (2700) Titled Tue 6th Aug Late 2024 (8)}) ({RR} 10. Bd3 Nbd7 11. f4 Rc8 12. Kb1 Nb6 13. e5 Nfd5 14. Nxd5 Bxd5 15. Bxe7 Qxe7 16. Qa5 dxe5 17. Nxb5 O-O 18. Qxb6 axb5 19. fxe5 Rb8 20. Qd6 Qxd6 21. exd6 Rfd8 22. Rhe1 Rb6 23. Be4 Rbxd6 24. Bxd5 Rxd5 {1-0 Arngrimsson,D (2366)-Gavrilov,M (2167) Titled Tue 12th Mar Early 2024 (11)}) ({RR} 10. Bd3 Nbd7 11. f4 Qc7 12. Kb1 Nc5 13. Rhe1 Nxd3 14. cxd3 h6 15. Bh4 Nxe4 16. dxe4 Bxh4 17. g3 Be7 18. Rc1 Qb6 19. Qd1 O-O 20. f5 Bf6 21. Nde2 a5 22. Nf4 Rfe8 23. Qb3 exf5 24. Qxb5 Qxb5 {0-1 Renoy Chevrier,A-Kchouk,B Olympiad-14 Final C 1960 (7)}) ({RR} 10. f3 Nbd7 11. Nb3 Qc7 12. Kb1 Rd8 13. Be2 h6 14. Be3 Nc5 15. Nxc5 dxc5 16. Qe1 O-O 17. Rxd8 Bxd8 18. g4 Nh7 19. h4 f6 20. Qg1 Be7 21. Bf1 b4 22. axb4 cxb4 23. Na2 Rd8 24. Be2 {½-½ Renoy Chevrier,A-Blockx,F Olympiad-14 Final C 1960 (9)}) 10... Nbd7 11. Qe1 Qc7 12. f4 Rc8 13. Rd2 O-O 14. Bd3 Rfe8 15. Rf1 e5 16. f5 d5 17. exd5 Bxa3 18. Ne4 Bxd5 19. bxa3 Bxb3 20. Qg3 Nxe4 21. Bxe4 Nc5 22. Bf6 g6 23. fxg6 fxg6 24. Bxg6 e4 25. Bf7+ Kxf7 26. Bd8+ 1-0

[Event "45th Olympiad Budapest 2024"]
[Site "Budapest"]
[Date "2024.09.19"]
[Round "8"]
[Board "4"]
[White "Depradine, Lawrence"]
[Black "Linn, Phone Myat"]
[Result "1/2-1/2"]
[WhiteElo "1782"]
[BlackElo "1763"]
[PlyCount "110"]
[EventDate "2024.09.11"]
[EventType "team-tourn"]
[EventRounds "11"]
[EventCountry "HUN"]
[WhiteTeam "Barbados"]
[BlackTeam "Myanmar"]
[WhiteTeamCountry "BAR"]
[BlackTeamCountry "MYA"]

1. c4 Nf6 2. Nc3 e6 3. Nf3 b6 4. e4 d6 ({RR} 4... c5 5. Bd3 d6 6. Bc2 Be7 7. d4 cxd4 8. Nxd4 O-O 9. O-O Bb7 10. b3 Nbd7 11. Bb2 a6 12. Qe2 Qc7 13. Rad1 Rfd8 14. Kh1 Nc5 15. f4 d5 16. exd5 exd5 17. Nf5 Bf8 18. Nxd5 Nxd5 19. cxd5 {1-0 David,P (2415)-Tichy,V (2360) CZE-chT 9697 1996 (11)}) ({RR} 4... d5 5. cxd5 exd5 6. e5 Ng8 7. d4 Be7 8. Bd3 h5 9. Qc2 c6 10. Bd2 Nh6 11. Ne2 c5 12. dxc5 bxc5 13. Rd1 c4 14. Bxc4 dxc4 15. Bxh6 Qxd1+ 16. Qxd1 Rxh6 17. O-O Bb7 18. Nf4 Nd7 19. Nd5 {½-½ Soham,K (2319)-Chia,Y (2191) Hanoi IMA 2023 (4.1)}) 5. d3 Be7 6. g3 $146 ({RR} 6. Be2 Nbd7 7. Nd4 Bb7 8. O-O c5 9. Nc2 e5 10. Ne3 O-O 11. Nf5 Bc8 12. Bg5 Nb8 13. Nxe7+ Qxe7 14. Nd5 Qd8 15. Nxf6+ gxf6 16. Bh6 Re8 17. Bg4 Kh8 18. Bh5 Be6 19. f4 exf4 20. Bxf4 Rg8 {1-0 Rutkofske,L-Triplett,T Flint-ch MI class-A 1992}) ({RR} 6. Be2 O-O 7. O-O c5 8. Bd2 Nc6 9. a3 d5 10. e5 Ne8 11. Qc2 f5 12. cxd5 exd5 13. d4 Be6 14. Rfd1 Rc8 15. dxc5 bxc5 16. Rac1 Nd4 17. Qa4 Bd7 18. Qa6 Nc7 19. Qd3 Nb3 20. Rc2 c4 {0-1 Brandhorst,D-Spassibin,P (2015) Ruhrgebiet VK4 9798 1997}) 6... O-O 7. Bg2 Bb7 8. O-O Nbd7 9. b3 c5 10. Re1 Re8 11. Bb2 Ne5 12. Qc2 a6 13. Nd2 Nc6 14. Nf3 Nd7 15. Rad1 Nde5 16. Nxe5 dxe5 17. Ne2 Qc7 18. h4 Rad8 19. h5 h6 20. Bc3 Rd7 21. Qb2 Red8 22. Nc1 Nd4 23. Ne2 Nc6 24. Nc1 Bg5 25. Bf1 f6 26. a3 b5 27. Qb1 Na5 28. Na2 bxc4 29. dxc4 Rxd1 30. Rxd1 Rxd1 31. Qxd1 Bxe4 32. Qe1 Bb7 33. Kh2 Qc6 34. Bh3 Nxb3 35. f4 exf4 36. Bxe6+ Kf8 37. Bd5 Qd7 38. Bxb7 Qxb7 39. Qd1 fxg3+ 40. Kxg3 Qc7+ 41. Kg2 Qc6+ 42. Kg3 Nd4 43. Bxd4 Qd6+ 44. Kg2 cxd4 45. Qf3 Qe5 46. Nb4 f5 47. Nc6 Qc5 48. Nb4 Qe5 49. Nc6 Qc5 50. Nb8 Qxc4 51. Qxf5+ Kg8 52. Nd7 Qe2+ 53. Kg3 Qxh5 54. Qf8+ Kh7 55. Qf5+ Kg8 1/2-1/2

[Event "45th Olympiad Budapest 2024"]
[Site "Budapest"]
[Date "2024.09.19"]
[Round "8"]
[Board "1"]
[White "Prudente, Elmer"]
[Black "Alrehaili, Ahmed Abdullah S"]
[Result "0-1"]
[WhiteElo "1949"]
[BlackElo "2117"]
[PlyCount "102"]
[EventDate "2024.09.11"]
[EventType "team-tourn"]
[EventRounds "11"]
[EventCountry "HUN"]
[WhiteTeam "Guam"]
[BlackTeam "Saudi Arabia"]
[WhiteTeamCountry "GMA"]
[BlackTeamCountry "SAU"]

1. e4 e6 2. d4 d5 3. Nd2 c5 4. exd5 Qxd5 5. Ngf3 cxd4 6. Bc4 Qd6 7. O-O Nf6 8. Nb3 Nc6 9. Nbxd4 Nxd4 10. Nxd4 a6 11. Re1 Be7 12. c3 O-O 13. Qf3 e5 ({RR} 13... Qc7 14. Bb3 Bd6 15. h3 b5 16. Qc6 Bb7 17. Qxc7 Bxc7 18. a4 Bb6 19. Be3 Nd5 20. axb5 Nxe3 21. fxe3 axb5 22. Rxa8 Rxa8 23. Nxb5 Rd8 24. Re2 Ba6 25. Ba4 Rd5 26. c4 Re5 27. Kf2 f5 28. g3 {1-0 Buke,F (1977)-Altinsoy,M (1852) TCh-TUR 1st League 2024 (9.22)}) 14. Nf5 Bxf5 15. Qxf5 Qc7 $146 ({RR} 15... e4 16. Bg5 g6 17. Qh3 Rfe8 18. Rad1 Qc7 19. Bb3 Rad8 20. Rxd8 Bxd8 21. Rd1 Rf8 22. Qh4 Nd7 23. Bxd8 Qxd8 24. Qh3 e3 25. fxe3 Qb6 26. Rxd7 a5 27. Qf3 Kh8 28. Rxb7 Qc5 29. Qf6+ {1-0 Larino Nieto,D (2107)-Fernandez Borrego,P Galicia-ch U14 2002 (7.3)}) 16. Bd3 h6 17. Qxe5 Bd6 18. Qf5 Bxh2+ 19. Kh1 Rad8 20. g3 Rd5 21. Qf3 Rh5 22. Kg2 Qd7 23. Bf1 Rc8 24. Bf4 Rcc5 25. Rad1 Qh3+ 26. Kh1 Qc8 27. Kg2 Rcf5 28. Rd4 g6 29. Bd3 Rd5 30. Kf1 Qd7 31. Rxd5 Rxd5 32. Bc4 Rc5 33. Bb3 Rf5 34. Rd1 Qc8 35. Bc2 Rh5 36. Rd6 Ne8 37. Rb6 Ng7 38. Rxb7 Qc4+ 39. Kg2 Qe6 40. Rb8+ Kh7 41. Qa8 Qh3+ 42. Kf3 Ne6 43. Rh8+ Kg7 44. Rg8+ Kf6 45. Qb8 Rb5 46. Qd6 Bg1 47. Be3 Re5 48. Qd1 Qh5+ 49. Kg2 Qh2+ 50. Kf1 Rxe3 51. Qd2 Rf3 0-1

[Event "45th Olympiad Budapest 2024"]
[Site "Budapest"]
[Date "2024.09.19"]
[Round "8"]
[Board "2"]
[White "Al Thebaiti, Ahmed M"]
[Black "Tran, Tuan An"]
[Result "1/2-1/2"]
[WhiteElo "1993"]
[BlackElo "1916"]
[PlyCount "69"]
[EventDate "2024.09.11"]
[EventType "team-tourn"]
[EventRounds "11"]
[EventCountry "HUN"]
[WhiteTeam "Saudi Arabia"]
[BlackTeam "Guam"]
[WhiteTeamCountry "SAU"]
[BlackTeamCountry "GMA"]

1. d4 {ChessBase} d5 2. Nf3 Nf6 3. Bf4 c5 4. e3 Nc6 5. Nbd2 Bg4 6. c3 e6 7. Qa4 Bxf3 ({RR} 7... Nd7 8. Ne5 Ndxe5 9. Bxe5 cxd4 10. Nb3 f6 11. Bxd4 Bf5 12. Bb5 e5 13. Bc5 Bd7 14. Bxf8 Rxf8 15. Qh4 Qb6 16. Bxc6 Bxc6 17. Qxh7 O-O-O 18. O-O-O Rd7 19. Rd2 Bb5 20. Rhd1 Rfd8 21. Kb1 Ba4 22. Qf5 {1-0 Naiditsch,A (2687)-Najer,E (2679) Wch Blitz Doha 2016 (4)}) 8. Nxf3 Qa5 $146 ({RR} 8... cxd4 9. Nxd4 Qb6 10. Bb5 Rc8 11. Nxc6 bxc6 12. Qa6 Kd7 13. Bd3 Qxa6 14. Bxa6 Rd8 15. Ke2 Bd6 16. Bxd6 Kxd6 17. f3 Rb8 18. b4 c5 19. bxc5+ Kxc5 20. Rhb1 Nd7 21. a3 Rxb1 22. Rxb1 Rb8 23. Rb4 {0-1 Reich,T (2373)-Kathmale,S (2264) Zadar op-A 2017 (4)}) ({RR} 8... a6 9. Ne5 Rc8 10. Nxc6 Qd7 11. Bd3 Rxc6 12. O-O c4 13. Be2 Bd6 14. Bxd6 Qxd6 15. Qc2 O-O 16. f4 b5 17. Bf3 b4 18. g3 Rb8 19. e4 dxe4 20. Bxe4 Rcb6 21. Rab1 g6 22. Bf3 bxc3 23. bxc3 {0-1 Rosen,E (2361)-Lazavik,D (2567) Titled Tue 6th Feb Early 2024 (5)}) ({RR} 8... Qb6 9. Rb1 Be7 10. Bd3 O-O 11. O-O Rfd8 12. Bg3 Rac8 13. Ne5 Nh5 14. Qc2 g6 15. Nxc6 Qxc6 16. Be5 f6 17. Bg3 Nxg3 18. hxg3 Kg7 19. g4 ({RR} 19. dxc5 Bxc5 20. e4 Qc7) 19... e5 20. Qe2 Qe6 21. Rbe1 Rc7 22. f3 ({RR} 22. dxe5 fxe5 23. c4 e4 24. Bb1 dxc4 25. f3 Rcd7) 22... Rh8 23. Bc2 {0-1 Keres,P-Reshevsky,S Kemeri International-01 1937 (2)} ({RR} 23. Bb1)) ({RR} 8... Qb6 9. Bb5 Be7 10. Ne5 Rc8 11. O-O Nh5 12. Bg3 Nxg3 13. hxg3 a6 14. Bxc6+ bxc6 15. dxc5 Bxc5 16. Qg4 g6 17. Qf4 Qc7 18. Qf6 O-O 19. Nf3 Be7 20. Qd4 c5 21. Qd3 c4 22. Qc2 Bc5 23. Kh2 {0-1 Roux Cabral,L-Lasker,E Mar del Plata International-12 1949 (14)}) 9. Qxa5 Nxa5 10. dxc5 Nc6 11. Bb5 Bxc5 12. Ne5 Rc8 13. Nxc6 bxc6 14. Ba6 Rd8 15. Bb7 Kd7 16. O-O Ne4 17. Ba6 g5 18. Bg3 h5 19. Bd3 Nxg3 20. hxg3 f5 21. b4 Bd6 22. Rab1 h4 23. gxh4 Rxh4 24. g3 Rh3 25. Kg2 Rdh8 26. Rh1 Rxh1 27. Rxh1 Rxh1 28. Kxh1 f4 29. Kg2 fxe3 30. fxe3 Be5 31. c4 Bc3 32. b5 dxc4 33. bxc6+ Kxc6 34. Bxc4 e5 35. Kf3 1/2-1/2

[Event "45th Olympiad Budapest 2024"]
[Site "Budapest"]
[Date "2024.09.19"]
[Round "8"]
[Board "3"]
[White "Mafnas, Peter"]
[Black "Al Abdali, Zeyad Saleh"]
[Result "0-1"]
[WhiteElo "1886"]
[BlackElo "1780"]
[PlyCount "124"]
[EventDate "2024.09.11"]
[EventType "team-tourn"]
[EventRounds "11"]
[EventCountry "HUN"]
[WhiteTeam "Guam"]
[BlackTeam "Saudi Arabia"]
[WhiteTeamCountry "GMA"]
[BlackTeamCountry "SAU"]

1. c4 c5 2. Nc3 Nf6 3. g3 e6 4. Bg2 d5 5. cxd5 exd5 6. d4 cxd4 7. Qxd4 Nc6 8. Qa4 d4 9. Ne4 Nxe4 ({RR} 9... Be7 10. Nxf6+ Bxf6 11. Nh3 O-O 12. Nf4 Re8 13. O-O Bg5 14. Re1 Bg4 15. Qb5 Bxf4 16. Bxf4 Qd7 17. Rac1 a6 18. Qd3 Rac8 19. a3 Bf5 20. e4 dxe3 21. Qxd7 exf2+ 22. Kxf2 Bxd7 23. Red1 Bg4 24. Rd2 {0-1 Svidler,P (2723)-Oparin,G (2652) Speed Chess Invitational blitz 2020 (1.5)}) 10. Bxe4 Bd7 $146 ({RR} 10... Bb4+ 11. Kf1 Qb6 12. Kg2 O-O 13. Nf3 Re8 14. Qc2 h6 15. Rd1 Bc5 16. Bxc6 bxc6 17. b3 Ba6 18. Ng1 Bf8 19. e3 c5 20. exd4 cxd4 21. Ba3 Rac8 22. Qd2 Qb7+ 23. f3 d3 24. Rac1 Bc5 25. Re1 {0-1 Suciu,D (2310)-Brodsky,M (2500) ROM-chT Romania 1994}) ({RR} 10... Bb4+ 11. Kf1 Be7 12. Kg2 O-O 13. Nf3 Bf6 14. Rd1 Re8 15. Bd3 Be6 16. h4 h6 17. Bd2 a6 18. Rac1 Bd5 19. Kg1 Qd7 20. Qc2 Re7 21. Bf5 Qe8 22. Bd3 Rxe2 23. Bxe2 Qxe2 24. Ne1 Qg4 25. Qd3 {0-1 Jaque Gutierrez,M (2201)-Margvelashvili,G (2531) Titled Tue 23rd Jul Late 2024 (1)}) ({RR} 10... Bb4+ 11. Kf1 Qb6 12. Nf3 Bh3+ 13. Kg1 Bd7 14. Qb3 O-O 15. Qd5 Bg4 16. Ng5 g6 17. Nf3 Be7 18. Qc4 Be6 19. Qa4 Rad8 20. h4 h5 21. Ng5 Bd5 22. Qc2 Ne5 23. Bf4 Nc6 24. Bxg6 Bxg5 25. Bh7+ {1-0 Messina,R (1957)-Monticone,S (1865) ITA-chT (Women) 2012 (3)}) ({RR} 10... Qb6 11. Nf3 Bb4+ 12. Bd2 Bxd2+ 13. Nxd2 O-O 14. O-O-O Be6 15. Kb1 Nb4 16. a3 Na2 17. Ka1 a5 18. Bd3 Nb4 19. Qb5 Qa7 20. Nf3 Nxd3 21. Rxd3 Rac8 22. Rxd4 Rc5 23. Qd3 b5 24. Rd8 Qe7 25. Rxf8+ {½-½ Delgadillo Torrico,F (1937)-Beaskoa Estany,G (2102) Barcelona Paredes Memorial 19th 2017 (4)}) 11. Qd1 Bb4+ 12. Bd2 Qe7 13. Bg2 d3 14. Nf3 O-O 15. e3 Bg4 16. h3 Bxd2+ 17. Qxd2 Bxf3 18. Bxf3 Nd4 19. Bd1 Qe4 20. O-O Nc2 21. Rc1 Rac8 22. a3 h6 23. Kh2 Rfd8 24. Rg1 a6 25. Qa5 Rd5 26. Qd2 Qe5 27. Bf3 Rd7 28. Rgd1 Rcc7 29. Rb1 h5 30. Rg1 b6 31. Kh1 Rc4 32. Bd1 Rd6 33. Bf3 Qf5 34. Bg2 Qe5 35. Bb7 b5 36. Bg2 g6 37. Bf1 Kg7 38. Kh2 Qf5 39. Rd1 Qe5 40. Rb1 Qf5 41. Rd1 Qf6 42. Rb1 Qd8 43. Rd1 b4 44. Bxd3 bxa3 45. Qe2 Nd4 46. exd4 Rcxd4 47. bxa3 Rxd3 48. Rxd3 Rxd3 49. Re1 Kh7 50. Qa2 Rf3 51. h4 Qf6 52. Kg1 Qc3 53. Ra1 a5 54. a4 Rf5 55. Qa3 Qd4 56. Qa2 Kg7 57. Re1 Rf3 58. Kg2 Qf6 59. Qd2 Kh7 60. Re2 Ra3 61. Qd7 Qf3+ 62. Kh2 Ra1 0-1

[Event "45th Olympiad Budapest 2024"]
[Site "Budapest"]
[Date "2024.09.19"]
[Round "8"]
[Board "4"]
[White "Khayat, Emad"]
[Black "Combs, Daniel"]
[Result "1-0"]
[WhiteElo "1907"]
[BlackElo "1688"]
[PlyCount "85"]
[EventDate "2024.09.11"]
[EventType "team-tourn"]
[EventRounds "11"]
[EventCountry "HUN"]
[WhiteTeam "Saudi Arabia"]
[BlackTeam "Guam"]
[WhiteTeamCountry "SAU"]
[BlackTeamCountry "GMA"]

1. d4 Nf6 2. Nf3 d5 3. g3 Bf5 4. Bg2 e6 5. O-O Bd6 6. c4 c6 7. Nc3 h6 8. Qb3 Qc8 ({RR} 8... b6 9. Bf4 Bxf4 10. gxf4 Ne4 11. Rac1 g5 12. cxd5 exd5 13. Nxe4 Bxe4 14. fxg5 hxg5 15. Ne5 Bxg2 16. Kxg2 Qd6 17. Qg3 Rg8 18. Nxc6 Kd7 19. Qg4+ Qe6 20. Ne5+ Kd8 21. Qxe6 fxe6 22. Rc3 Na6 23. Rfc1 {1-0 Khayat,E (1597)-Al Ansi,A (1806) Asia-ch Amateur 2022 (7)}) 9. Bd2 ({RR} 9. Nd2 O-O 10. e4 dxe4 11. Ndxe4 Nxe4 12. Nxe4 Bxe4 13. Bxe4 Nd7 14. Qf3 Qd8 15. Bc2 Re8 16. Rd1 Qe7 17. Bd2 Rad8 18. Ba5 Rc8 19. a3 Qf6 20. Qe4 Nf8 21. Bc3 e5 22. d5 Bc5 23. Rd2 cxd5 {1-0 Kovacevic,V (2510)-Rajkovic,D (2465) YUG-chT 41st 1989 (4)}) ({RR} 9. Nd2 O-O 10. e4 dxe4 11. Ndxe4 Nxe4 12. Nxe4 Be7 13. Bf4 Nd7 14. Nd6 Bxd6 15. Bxd6 Rd8 16. Rad1 Nb6 17. Bf4 f6 18. a4 g5 19. Be3 Qc7 20. a5 Nc8 21. d5 cxd5 22. cxd5 e5 23. d6+ Be6 {1-0 Guder,E (1993)-Avsar,M TCh-TUR 2nd League 2024 (6.16)}) 9... O-O 10. Rac1 Nbd7 $146 ({RR} 10... dxc4 11. Qxc4 Nbd7 12. Rfe1 Ne4 13. Nxe4 Bxe4 14. Bh3 Bxf3 15. exf3 Nb6 16. Qb3 Nd5 17. f4 Qc7 18. Bc3 g6 19. Qd1 Rfe8 20. Bg2 Qd7 21. h4 h5 22. Qa4 Bf8 23. Rcd1 Bg7 24. Qc4 Ne7 25. a4 {½-½ Ljung,H (2164)-Kallen,J (2020) Kvibergspelen Open 2023 (5.14)}) 11. Nh4 Bh7 12. cxd5 exd5 13. Nxd5 Nxd5 14. Bxd5 Nf6 15. Bg2 Qd7 16. Bb4 Bxb4 17. Qxb4 Rfe8 18. e3 Rab8 19. Nf3 Be4 20. Ne5 Qe7 21. Qxe7 Rxe7 22. b4 Bxg2 23. Kxg2 Nd7 24. Nxd7 Rxd7 25. a4 a6 26. Rc5 Rd6 27. Rfc1 Kf8 28. Kf3 Ke7 29. b5 axb5 30. axb5 cxb5 31. Rxb5 Rd7 32. h4 f6 33. h5 Ke6 34. Ke4 Ke7 35. Kf5 Kf7 36. Rcb1 Ke7 37. R1b2 Kf7 38. g4 Ke7 39. d5 b6 40. e4 Rdb7 41. f4 Kd7 42. e5 Ke7 43. Kg6 1-0

[Event "45th Olympiad Budapest 2024"]
[Site "Budapest"]
[Date "2024.09.19"]
[Round "8"]
[Board "3"]
[White "David, Leroy Debblay"]
[Black "Amewounou, Komlan Kouessan"]
[Result "0-1"]
[WhiteElo "1904"]
[BlackElo "1825"]
[PlyCount "112"]
[EventDate "2024.09.11"]
[EventType "team-tourn"]
[EventRounds "11"]
[EventCountry "HUN"]
[WhiteTeam "Liberia"]
[BlackTeam "Togo"]
[WhiteTeamCountry "LBR"]
[BlackTeamCountry "TOG"]

1. d4 e5 2. dxe5 d6 3. Nf3 Bg4 4. e3 Nc6 5. Be2 Qd7 6. O-O O-O-O 7. Qd5 $146 ({RR} 7. c4 Qe8 8. Qa4 dxe5 9. h3 Bh5 10. Nc3 Kb8 11. e4 Bxf3 12. Bxf3 Nd4 13. Bd1 Qxa4 14. Nxa4 Nf6 15. Nc3 Bb4 16. Nd5 Bd6 17. Bg5 Ne6 18. Bxf6 gxf6 19. Nxf6 Bc5 20. Bg4 Bd4 21. Bxe6 fxe6 {0-1 Moreira,R (2088)-Novikova,G (2073) Titled Tue 30th Apr Early 2024 (3)}) 7... h5 8. Bb5 Nge7 9. Bxc6 Nxc6 10. Nbd2 dxe5 11. Qxd7+ Rxd7 12. h3 Bxf3 13. Nxf3 f6 14. c3 g5 15. Kh2 g4 16. Nh4 e4 17. Nf5 Ne5 18. a4 gxh3 19. Kxh3 Rg8 20. a5 Rg5 21. Nh4 Ng6 22. Nxg6 Rxg6 23. Ra4 f5 24. Rd4 Rdg7 25. Rd5 Rxg2 26. Rxf5 Bd6 27. Rh1 Rg1 28. Rxg1 Rxg1 29. Bd2 Rh1+ 30. Kg2 Rd1 31. Rd5 Kd7 32. b4 Ke6 33. c4 c6 34. Rd4 Ke5 35. Bc3 Rxd4 36. exd4+ Ke6 37. Kh3 Be7 38. Kg3 Bg5 39. Be1 Kf5 40. Bc3 a6 41. Kh3 e3 42. fxe3 Bxe3 43. d5 cxd5 44. cxd5 Bf4 45. Kh4 Ke4 46. b5 axb5 47. Kxh5 Kxd5 48. Kg4 Bc7 49. Kf3 Kc4 50. Bf6 Kd3 51. Kf2 Bxa5 52. Bg5 Bc3 53. Kf3 b4 54. Be7 b3 55. Ba3 b2 56. Bxb2 Bxb2 0-1

[Event "45th Olympiad Budapest 2024"]
[Site "Budapest"]
[Date "2024.09.19"]
[Round "8"]
[Board "4"]
[White "Fumey, Enyonam Sewa"]
[Black "Arnold, Smith"]
[Result "0-1"]
[WhiteElo "1845"]
[BlackElo "1915"]
[PlyCount "48"]
[EventDate "2024.09.11"]
[EventType "team-tourn"]
[EventRounds "11"]
[EventCountry "HUN"]
[WhiteTeam "Togo"]
[BlackTeam "Liberia"]
[WhiteTeamCountry "TOG"]
[BlackTeamCountry "LBR"]

1. e4 e5 2. f4 d5 3. exd5 exf4 4. Nf3 Nf6 5. c4 c6 6. d4 Bb4+ 7. Bd2 Bxd2+ 8. Qxd2 O-O 9. Nc3 cxd5 10. Be2 Nc6 11. O-O dxc4 $146 ({RR} 11... Bg4 12. Rad1 dxc4 13. Bxc4 Qb6 14. Kh1 Rad8 15. d5 Bxf3 16. Rxf3 Ne5 17. Rxf4 Nfg4 18. Bf1 Rd6 19. Ne4 Rg6 20. Nf2 Rd8 21. Nxg4 Nxg4 22. Qd4 Ne3 23. Rd2 Qxd4 24. Rdxd4 Rgd6 25. Rf3 Nxf1 26. Rxf1 {0-1 Posada Torres,B (1703)-Iral Castro,B (1914) 17th American Continental 2024 (5.110)}) 12. Bxc4 Bg4 13. Ne2 Qb6 14. a3 Rad8 15. Rad1 Bxf3 16. Rxf3 Ne5 17. Rb3 Nxc4 18. Rxb6 Nxd2 19. Rxb7 Nc4 20. Nxf4 Rb8 21. Rxa7 Rxb2 22. d5 Ne3 23. Rd3 Nfg4 24. Rb7 Rxb7 0-1

[Event "45th Olympiad Budapest 2024"]
[Site "Budapest"]
[Date "2024.09.19"]
[Round "8"]
[Board "1"]
[White "Ebosse, Kingue Victor Patrick"]
[Black "Sihlongonyane, Sikhanyiso"]
[Result "1/2-1/2"]
[WhiteElo "2014"]
[BlackElo "1813"]
[PlyCount "82"]
[EventDate "2024.09.11"]
[EventType "team-tourn"]
[EventRounds "11"]
[EventCountry "HUN"]
[WhiteTeam "Cameroon"]
[BlackTeam "Eswatini"]
[WhiteTeamCountry "CAM"]

1. e4 c5 2. Nf3 Nc6 3. Bc4 e6 4. d4 cxd4 5. Nxd4 a6 6. Nc3 Qc7 7. Nxc6 Qxc6 ({RR} 7... bxc6 8. Qe2 Bd6 9. Bd2 Ne7 10. h4 Be5 11. h5 d5 12. Bd3 O-O 13. O-O f5 14. exf5 Nxf5 15. Rae1 Bd4 16. Kh1 e5 17. h6 e4 18. Nxe4 dxe4 19. Qxe4 Bd7 20. Qg4 c5 21. c3 Bxf2 22. Bc4+ {½-½ Adhiban,B (2629)-Svidler,P (2709) Lindores Abbey Blitz Tal Memorial 2021 (5.8)}) ({RR} 7... bxc6 8. O-O Nf6 9. Be3 Bb4 10. a3 Bxc3 11. bxc3 Nxe4 12. Qd3 d5 13. Bb3 a5 14. a4 Nf6 15. c4 Ng4 16. f4 Ba6 17. Qd4 Nxe3 18. Qxe3 dxc4 19. Ba2 Qa7 20. Qxa7 Rxa7 21. Rab1 Ke7 22. Rb6 {0-1 Mattingley,B-Oh,J (1613) Gilbert Cup 2024 (2.3)}) 8. Qe2 Nf6 $146 ({RR} 8... Bb4 9. O-O Ne7 10. a4 O-O 11. Nb5 d5 12. Bd3 Bd7 13. Nd4 Qb6 14. c3 Bc5 15. a5 Qa7 16. Nb3 dxe4 17. Qxe4 Nf5 18. Nxc5 Qxc5 19. Be3 Qc8 20. Bb6 Bc6 21. Qg4 Re8 22. Rad1 Ne7 23. Rfe1 {1-0 Mudrak,J (2344)-Pertlova,S (2226) CZE-chT1E 0910 2009 (1.2)}) ({RR} 8... Bb4 9. Bd2 Ne7 10. O-O O-O 11. Bb3 b6 12. Nd5 Bc5 13. Nb4 Qc7 14. Nd3 a5 15. Nxc5 bxc5 16. Rfe1 d6 17. Rad1 Ba6 18. Qh5 Ng6 19. Bc1 c4 20. Ba4 e5 21. Qg5 Rfd8 22. h4 Nf8 23. Qg3 {½-½ Zheliandinov,V-Karpov,A URS Army Team-ch 1971}) ({RR} 8... Bb4 9. Bd2 Ne7 10. O-O O-O 11. a3 Bc5 12. Rad1 b5 13. Bb3 Bb7 14. Be3 d6 15. a4 b4 16. Bxc5 Qxc5 17. Nb1 Rfd8 18. Rfe1 Rac8 19. c3 Nc6 20. Kh1 bxc3 21. bxc3 Na5 22. Bc2 Nc4 23. h3 {0-1 Hagerop van Eijs,I-Van Beek,A (2262) Hengelo U20 op 2001 (6)}) 9. Bd2 Be7 10. e5 Ng8 11. O-O-O d6 12. f4 d5 13. Bd3 Bd7 14. Rhf1 O-O-O 15. g4 Bc5 16. f5 Ne7 17. f6 gxf6 18. Rxf6 Be8 19. h4 Ng6 20. h5 Nf8 21. Rf4 Nd7 22. b4 Be7 23. b5 Ba3+ 24. Kb1 Qc7 25. Ra4 Be7 26. bxa6 Nb6 27. axb7+ Kxb7 28. Rf4 Bg5 29. Rf3 Bxd2 30. Rxd2 Qc5 31. Bb5 Bxb5 32. Qxb5 Qxb5+ 33. Nxb5 Nc4 34. Re2 Kb6 35. Nd4 Rd7 36. Rb3+ Kc7 37. a4 Ra8 38. Nb5+ Kc6 39. Nd4+ Kc7 40. Nb5+ Kc6 41. Nd4+ Kc7 1/2-1/2